01797nam a2200373 a 450000100100000000500170001000800410002702000150006804000250008308200170010810000360012524500930016126000360025430000280029049000210031850000690033959000260040865000180043465000310045265000290048365000330051265000270054565000160057270000420058871000840063083000280071491000380074295201300078095201300091095201300104095201150117095201210128599900170140600001219520240424131120.0091106s2000 dr a r 000 0 spa d a9993482102 aDO-SdBNPbspacBNPHU a631.4bR741s1 aRojas Palacios, Hernán92881010aSuelos y agua /cHernán Rojas Palacios ; presentación Altagracia Rivera de Castillo. aSanto Domingo :bCEDAF ,c2000. a126 P. :bil. ;c28 cm.1 aProyecto ÁGORA aIncluye datos biográficos del autor en el verso de la cubierta aInventariado, 2018/BT 4aSuelos928811 4aRecursos hídricos928812 0aRecursos naturales 9512 4aFormación de suelos928813 4aFuentes de agua928814 4aRiego9270812aRivera de Castillo, Altagracia9288152 aCentro Para el Desarrollo Agropecuario y Forestal (República Dominicana)9130 0aProyecto ÁGORA914822 aValidado. Control de calidad. MFF 001054708DSaGRbGRcHDd2009-11-06iLF1l0o631.4 R741sp12195-30r2020-06-25te. 3w2020-06-25yLFDSZPréstamo en sala 001054708DSaGRbGRcHDd2011-04-05iLF1l0o631.4 R741sp12195-40r2020-06-25te. 4w2020-06-25yLFDSZPréstamo en sala 001054708DSaGRbGRcHDd2011-04-18iLF1l0o631.4 R741sp12195-50r2020-06-25te. 5w2020-06-25yLFDSZPréstamo en sala 0010718PDaPDbPDcHDd2009-11-06iLF1l0o631.4 R741sp12195-10r2020-06-25w2020-06-25yLFPDZNo se presta 0010718PDaPDbPDcHDd2009-11-06iLF1l0o631.4 R741sp12195-20r2020-06-25te. 2w2020-06-25yLFPDZNo se presta c11860d11860